[Event "Titled Tuesday intern op 23rd Apr Late"]
[Site "Chess.com INT"]
[Date "2024.04.23"]
[Round "10"]
[White "Toniutti, Ezio"]
[Black "Luke Brezmes, Cristofer"]
[Result "0-1"]
[WhiteElo "2204"]
[BlackElo "2067"]
[PlyCount "152"]
[EventDate "2024.04.23"]
[EventType "swiss (blitz)"]
[EventRounds "11"]
[EventCountry "USA"]
[SourceTitle "CB18_2024"]
[SourceDate "2024.05.01"]
[SourceVersion "1"]
[SourceVersionDate "2024.05.01"]
[SourceQuality "2"]

1. d4 d6 2. c4 Nf6 3. Nc3 e5 4. Nf3 e4 5. Nd2 Qe7 6. e3 Bf5 7. Be2 h5 8. b4 g6 9. Bb2 Bg7 10. Qb3 Nbd7 11. h3 c6 12. a4 0-0 13. b5 a5 14. 0-0 c5 15. Nd1 Rfe8 16. Bc3 b6 17. Ra2 Nf8 18. Re1 Ne6 19. Nf1 Ng5 20. Ng3 Bc8 21. Bf1 h4 22. Ne2 Nh5 23. dxc5 dxc5 24. Bxg7 Kxg7 25. Nf4 Nxf4 26. exf4 Nh7 27. Ne3 Bb7 28. Rd2 Rad8 29. Red1 Nf6 30. Qc3 Rxd2 31. Rxd2 Rd8 32. Rxd8 Qxd8 33. Be2 Qd4 34. Qc1 Nd7 35. f5 Ne5 36. fxg6 fxg6 37. Bf1 Nd3 38. Qd1 Bc8 39. Be2 Be6 40. Bg4 Bxc4 41. Bf5 Qb2 42. Nxc4 Qxf2+ 43. Kh1 Qxf5 44. Qe2 Qe6 45. Ne3 Nf4 46. Qf2 g5 47. Ng4 Qd5 48. Qb2+ Qd4 49. Qc2 c4 50. Qc1 c3 51. Qa3 Qd1+ 52. Kh2 Qd7 53. Qxc3+ Kh7 54. Qf6 Qc7 55. Qh6+ Kg8 56. Qxg5+ Ng6+ 57. Kh1 Qd6 58. Nf6+ Kf7 59. Nxe4 Qd1+ 60. Kh2 Qe1 61. Qf6+ Ke8 62. Qxg6+ Kd7 63. Qd6+ Ke8 64. Qe6+ Kf8 65. Qf5+ Ke8 66. Nd6+ Ke7 67. Ne4 Qb4 68. Ng5 Qxa4 69. Qe6+ Kd8 70. Nf7+ Kc7 71. Qd6+ Kc8 72. Ne5 Qf4+ 73. Kg1 Qc1+ 74. Kf2 Qf4+ 75. Ke2 Qe4+ 76. Kd2 Qxg2+ 0-1

[Event "Titled Tuesday intern op 13th Feb Late"]
[Site "Chess.com INT"]
[Date "2024.02.13"]
[Round "2"]
[White "Novak, Ratko"]
[Black "Toniutti, Ezio"]
[Result "1-0"]
[WhiteElo "2037"]
[BlackElo "2204"]
[PlyCount "81"]
[EventDate "2024.02.13"]
[EventType "swiss (blitz)"]
[EventRounds "11"]
[EventCountry "USA"]
[SourceTitle "CB08_2024"]
[SourceDate "2024.02.21"]
[SourceVersion "1"]
[SourceVersionDate "2024.02.21"]
[SourceQuality "1"]

1. d4 d5 2. c4 c6 3. cxd5 cxd5 4. Nc3 Nf6 5. f3 Nc6 6. e4 dxe4 7. d5 Ne5 8. fxe4 e6 9. Qd4 Nc6 10. Bb5 a6 11. Bxc6+ bxc6 12. Bg5 Be7 13. Bxf6 Bxf6 14. e5 Bg5 15. d6 c5 16. Qxc5 Bb7 17. Nf3 Bxf3 18. gxf3 0-0 19. 0-0 Bf4 20. Rae1 Rc8 21. Qd4 Qh4 22. Qf2 Qh5 23. Qe2 Rc5 24. Qg2 Rxe5 25. Rxe5 Qxe5 26. Rd1 Qc5+ 27. Kh1 Rd8 28. Ne4 Qe3 29. d7 f5 30. Nc3 Qa7 31. Qe2 Kf7 32. Qc4 Rxd7 33. Rxd7+ Qxd7 34. Qxf4 h6 35. Kg2 g5 36. Qe3 Kg6 37. h3 Kf6 38. f4 Qd6 39. fxg5+ hxg5 40. Qf3 e5 41. Ne4+ 1-0

[Event "Titled Tuesday intern op 24th Oct Late"]
[Site "Chess.com INT"]
[Date "2023.10.24"]
[Round "8"]
[White "Korol, Dimitry"]
[Black "Toniutti, Ezio"]
[Result "0-1"]
[WhiteElo "2287"]
[BlackElo "2184"]
[PlyCount "72"]
[EventDate "2023.10.24"]
[EventType "swiss (blitz)"]
[EventRounds "11"]
[EventCountry "USA"]
[SourceTitle "Mega2024 Update 01"]
[Source "Chessbase"]
[SourceDate "2023.11.12"]
[SourceVersion "1"]
[SourceVersionDate "2023.11.12"]
[SourceQuality "1"]

1. d4 d5 2. c4 c6 3. Nc3 Nf6 4. e3 a6 5. Nf3 Bf5 6. Bd3 Bxd3 7. Qxd3 e6 8. 0-0 Nbd7 9. e4 dxe4 10. Nxe4 Nxe4 11. Qxe4 Nf6 12. Qe2 Be7 13. Bg5 0-0 14. Rad1 Qa5 15. b3 Rfe8 16. Ne5 Rad8 17. Rd3 Nd7 18. Bxe7 Rxe7 19. Rfd1 Nf8 20. h4 Nd7 21. h5 h6 22. f4 Ree8 23. Kh2 Qc7 24. c5 Nf6 25. Rg3 Qe7 26. Rdd3 Kh8 27. Qf3 Nd5 28. f5 exf5 29. Qxf5 Rf8 30. Rdf3 Nf6 31. Rf4 Rd5 32. Rgf3 Rfd8 33. Rd3 Kg8 34. b4 Qe6 35. Qxe6 fxe6 36. Rff3 Nxh5 0-1

[Event "Titled Tuesday intern op 24th Oct Late"]
[Site "Chess.com INT"]
[Date "2023.10.24"]
[Round "1"]
[White "Popov, Konstantin"]
[Black "Toniutti, Ezio"]
[Result "1-0"]
[WhiteElo "2345"]
[BlackElo "2184"]
[PlyCount "117"]
[EventDate "2023.10.24"]
[EventType "swiss (blitz)"]
[EventRounds "11"]
[EventCountry "USA"]
[SourceTitle "Mega2024 Update 01"]
[Source "Chessbase"]
[SourceDate "2023.11.12"]
[SourceVersion "1"]
[SourceVersionDate "2023.11.12"]
[SourceQuality "1"]

1. e4 e5 2. Nf3 Nc6 3. Bb5 a6 4. Ba4 d6 5. c3 Bd7 6. 0-0 Nge7 7. d4 Ng6 8. d5 Nb8 9. c4 Be7 10. Nc3 0-0 11. Be3 f5 12. Bxd7 Nxd7 13. exf5 Rxf5 14. Nd2 Qf8 15. Nde4 Nf4 16. Bxf4 Rxf4 17. g3 Rf5 18. Qg4 Qf7 19. f3 Rf8 20. Rf2 Nb6 21. b3 Rxf3 22. Raf1 Rxf2 23. Rxf2 Qg6 24. Rxf8+ Bxf8 25. Qh4 h6 26. Qd8 Qf7 27. Kg2 Qd7 28. Qb8 Qc8 29. Qa7 Nd7 30. b4 Be7 31. Qe3 Nf6 32. Qf3 Qd7 33. h4 c6 34. h5 Nh7 35. a4 Bg5 36. dxc6 bxc6 37. b5 axb5 38. axb5 cxb5 39. Nxb5 Be7 40. Nexd6 Bxd6 41. Qd5+ Kh8 42. Nxd6 Nf6 43. Nf7+ Kh7 44. Qxd7 Nxd7 45. Kf3 Kg8 46. Nd6 Kf8 47. Ke4 Ke7 48. Nf5+ Kf6 49. Ne3 Nc5+ 50. Kd5 Ne6 51. c5 Nc7+ 52. Kd6 Ne8+ 53. Kd7 Kf7 54. c6 Nf6+ 55. Kd6 Ne8+ 56. Kxe5 Ke7 57. Nf5+ Kf7 58. Nd6+ Nxd6 59. Kxd6 1-0

[Event "Titled Tuesday intern op 24th Oct Late"]
[Site "Chess.com INT"]
[Date "2023.10.24"]
[Round "2"]
[White "Toniutti, Ezio"]
[Black "Sari, Yasin"]
[Result "1-0"]
[WhiteElo "2184"]
[BlackElo "2280"]
[PlyCount "123"]
[EventDate "2023.10.24"]
[EventType "swiss (blitz)"]
[EventRounds "11"]
[EventCountry "USA"]
[SourceTitle "Mega2024 Update 01"]
[Source "Chessbase"]
[SourceDate "2023.11.12"]
[SourceVersion "1"]
[SourceVersionDate "2023.11.12"]
[SourceQuality "1"]

1. d4 Nf6 2. c4 g6 3. Nc3 Bg7 4. e4 0-0 5. f4 c5 6. d5 d6 7. Nf3 e6 8. Be2 exd5 9. cxd5 Re8 10. e5 dxe5 11. fxe5 Ng4 12. e6 fxe6 13. Bg5 Qb6 14. Qd2 exd5 15. Nxd5 Qxb2 16. Qxb2 Bxb2 17. Rb1 Be6 18. Rxb2 Bxd5 19. 0-0 Nd7 20. Rd1 Nb6 21. h3 Ne3 22. Bxe3 Rxe3 23. Rxd5 Nxd5 24. Bc4 Rd8 25. Rd2 Kg7 26. Bxd5 b5 27. Kf2 Ra3 28. Ng5 Rc8 29. Ne4 c4 30. Be6 Rc7 31. Ng5 Rc5 32. Bd5 c3 33. Ne6+ Kf6 34. Nxc5 cxd2 35. Ke2 Rc3 36. Ne4+ Ke5 37. Nxc3 Kd4 38. Kxd2 b4 39. Nb5+ Kxd5 40. Nxa7 Kc4 41. Kc2 b3+ 42. axb3+ Kd4 43. Nc6+ Ke3 44. Nd8 Kf2 45. Ne6 Kxg2 46. Ng5 h6 47. Nf7 h5 48. b4 Kxh3 49. b5 h4 50. b6 Kg2 51. b7 h3 52. b8Q h2 53. Qb7+ Kg1 54. Qb6+ Kf1 55. Qf6+ Kg1 56. Qxg6+ Kf1 57. Qf5+ Kg1 58. Qg4+ Kf1 59. Qd1+ Kg2 60. Qe2+ Kg1 61. Ng5 Kh1 62. Qf1# 1-0

[Event "Titled Tuesday intern op 26th Sep Late"]
[Site "Chess.com INT"]
[Date "2023.09.26"]
[Round "5"]
[White "Kushko, Dmitriy"]
[Black "Toniutti, Ezio"]
[Result "1-0"]
[WhiteElo "2426"]
[BlackElo "2184"]
[PlyCount "79"]
[EventDate "2023.09.26"]
[EventType "swiss (blitz)"]
[EventRounds "11"]
[EventCountry "USA"]
[SourceTitle "EXT 2024"]
[Source "ChessBase"]
[SourceDate "2023.10.10"]
[SourceVersion "1"]
[SourceVersionDate "2023.10.10"]
[SourceQuality "1"]

1. g3 d5 2. Nf3 Nf6 3. Bg2 c6 4. 0-0 Bf5 5. c4 e6 6. Qb3 Qb6 7. d3 Nbd7 8. cxd5 exd5 9. Qc2 Be7 10. Nc3 0-0 11. e4 Bg6 12. Nh4 dxe4 13. dxe4 Rfe8 14. Bf4 Nc5 15. Nxg6 hxg6 16. e5 Nfd7 17. Be3 Qa5 18. f4 Ne6 19. Ne4 Rad8 20. a3 Ndc5 21. Kh1 Nxe4 22. Bxe4 Qb5 23. Rad1 Rxd1 24. Rxd1 Rd8 25. Rxd8+ Bxd8 26. Kg2 Bb6 27. Bxb6 axb6 28. b4 c5 29. Qd3 Qa4 30. Qc3 Qd1 31. Bf3 Qb1 32. Bxb7 Qa2+ 33. Kh3 cxb4 34. axb4 Qf2 35. Bd5 Nd4 36. Qd3 Nf5 37. Be4 Nh6 38. e6 f5 39. e7 Kf7 40. Qd7 1-0

[Event "Titled Tuesday intern op 26th Sep Late"]
[Site "Chess.com INT"]
[Date "2023.09.26"]
[Round "6"]
[White "Melikhov, Evgeny V"]
[Black "Toniutti, Ezio"]
[Result "1-0"]
[WhiteElo "2208"]
[BlackElo "2184"]
[PlyCount "121"]
[EventDate "2023.09.26"]
[EventType "swiss (blitz)"]
[EventRounds "11"]
[EventCountry "USA"]
[SourceTitle "EXT 2024"]
[Source "ChessBase"]
[SourceDate "2023.10.10"]
[SourceVersion "1"]
[SourceVersionDate "2023.10.10"]
[SourceQuality "1"]

1. d4 d5 2. c4 c6 3. Nc3 Nf6 4. e3 a6 5. c5 Nbd7 6. f4 g6 7. Nf3 Bg7 8. Bd3 0-0 9. 0-0 b6 10. cxb6 Qxb6 11. Na4 Qa7 12. Bd2 c5 13. dxc5 Nxc5 14. Nxc5 Qxc5 15. Rc1 Qa7 16. Qc2 Bd7 17. Qc5 Qb7 18. b4 Bb5 19. Ne5 Rac8 20. Qd4 Nd7 21. Bxb5 axb5 22. Rxc8 Rxc8 23. Rc1 Nxe5 24. fxe5 Rc4 25. Rxc4 bxc4 26. e4 e6 27. exd5 exd5 28. Bc3 Qa8 29. a4 Qxa4 30. Qxd5 Qc2 31. Qd8+ Bf8 32. Qd4 Bg7 33. Qxc4 Qd1+ 34. Qf1 Qc2 35. Qe1 Qb3 36. h3 Bf8 37. Kh1 Qc4 38. Qd2 Qf1+ 39. Kh2 Qc4 40. Qd4 Qb3 41. e6 fxe6 42. Qh8+ Kf7 43. Qxh7+ Ke8 44. Qxg6+ Kd7 45. Qd3+ Bd6+ 46. g3 Kc6 47. h4 Qa2+ 48. Kh3 Qf2 49. Qe4+ Kd7 50. Be5 Qf1+ 51. Kg4 Qd1+ 52. Kg5 Be7+ 53. Kg6 Ke8 54. Bf6 Kd7 55. Bxe7 Kxe7 56. Qb7+ Kd6 57. Qb6+ Ke5 58. Qc5+ Ke4 59. Kf6 Qd8+ 60. Qe7 Qd5 61. Qxe6+ 1-0

[Event "Titled Tuesday intern op 26th Sep Late"]
[Site "Chess.com INT"]
[Date "2023.09.26"]
[Round "2"]
[White "Toniutti, Ezio"]
[Black "Fiorito, Joaquin"]
[Result "0-1"]
[WhiteElo "2184"]
[BlackElo "2399"]
[PlyCount "84"]
[EventDate "2023.09.26"]
[EventType "swiss (blitz)"]
[EventRounds "11"]
[EventCountry "USA"]
[SourceTitle "EXT 2024"]
[Source "ChessBase"]
[SourceDate "2023.10.10"]
[SourceVersion "1"]
[SourceVersionDate "2023.10.10"]
[SourceQuality "1"]

1. d4 Nf6 2. c4 e6 3. g3 d5 4. Nf3 Bb4+ 5. Bd2 a5 6. Bg2 0-0 7. Qc2 c5 8. 0-0 Nc6 9. dxc5 d4 10. Bg5 Bxc5 11. Nbd2 h6 12. Bxf6 Qxf6 13. Ne4 Qe7 14. a3 e5 15. Nxc5 Qxc5 16. Nd2 Be6 17. Rfc1 f5 18. Nb3 Qd6 19. Bd5 a4 20. Nc5 Qxc5 21. Bxe6+ Kh8 22. b4 axb3 23. Qxb3 e4 24. Bd5 Na5 25. Qb5 Qe7 26. Rab1 e3 27. f4 d3 28. exd3 e2 29. Kf2 Rfe8 30. Qb6 Ra6 31. Qd4 Nb3 32. Rxb3 e1Q+ 33. Rxe1 Qxe1+ 34. Kg2 Qe2+ 35. Kh3 Qh5+ 36. Kg2 Rd6 37. Rb2 b5 38. Rf2 bxc4 39. dxc4 Red8 40. Qc5 Qd1 41. a4 Qxa4 42. Qd4 Rxd5 0-1

[Event "Titled Tuesday intern op 19th Sep Late"]
[Site "Chess.com INT"]
[Date "2023.09.19"]
[Round "7"]
[White "Womacka, Mathias"]
[Black "Toniutti, Ezio"]
[Result "1-0"]
[WhiteElo "2371"]
[BlackElo "2184"]
[PlyCount "131"]
[EventDate "2023.09.19"]
[EventType "swiss (blitz)"]
[EventRounds "11"]
[EventCountry "USA"]
[SourceTitle "EXT 2024"]
[Source "ChessBase"]
[SourceDate "2023.10.10"]
[SourceVersion "1"]
[SourceVersionDate "2023.10.10"]
[SourceQuality "1"]

1. e4 e5 2. Nf3 Nc6 3. Bb5 a6 4. Bxc6 dxc6 5. 0-0 Bg4 6. h3 h5 7. d3 Qf6 8. Nbd2 Ne7 9. Re1 Ng6 10. d4 Bd6 11. hxg4 hxg4 12. Nh2 Rxh2 13. Qxg4 Rh4 14. Qf5 exd4 15. Nf3 Rh8 16. Bg5 Qe6 17. Qxe6+ fxe6 18. Nxd4 Kf7 19. g3 Rh5 20. Nf3 Rah8 21. Kg2 Ne5 22. Be3 Nxf3 23. Kxf3 Kf6 24. Rad1 b5 25. Bd4+ e5 26. Be3 Ke6 27. Kg4 g6 28. b3 a5 29. c4 b4 30. Rd3 Be7 31. Red1 Rh2 32. c5 Rh1 33. Rd7 Rxd1 34. Rxd1 Rh2 35. Kf3 Rh8 36. Ke2 Rh2 37. Kd3 Rh8 38. Kc4 g5 39. a3 bxa3 40. Ra1 Rb8 41. Rxa3 Rb4+ 42. Kd3 Rb5 43. Kc3 Bxc5 44. Bxc5 Rxc5+ 45. Kd3 Rb5 46. Kc4 Kd6 47. f3 Rb4+ 48. Kc3 Rb5 49. Kc4 Ke6 50. Ra2 Kd6 51. Rd2+ Ke7 52. Rh2 Rb4+ 53. Kc3 c5 54. Rh7+ Kd6 55. Rg7 a4 56. bxa4 Rxa4 57. Rg6+ Kd7 58. Rxg5 Ra3+ 59. Kc4 Rxf3 60. Kxc5 Re3 61. Kd5 c6+ 62. Kxe5 c5 63. Kd5 c4 64. Kxc4 Rxe4+ 65. Kd5 Re7 66. Rg7 1-0

[Event "Titled Tuesday intern op 29th Aug Late"]
[Site "Chess.com INT"]
[Date "2023.08.29"]
[Round "8"]
[White "Riehle, Marco"]
[Black "Toniutti, Ezio"]
[Result "1-0"]
[WhiteElo "2368"]
[BlackElo "2182"]
[PlyCount "107"]
[EventDate "2023.08.29"]
[EventType "swiss (blitz)"]
[EventRounds "11"]
[EventCountry "USA"]
[SourceTitle "EXT 2024"]
[Source "ChessBase"]
[SourceDate "2023.10.10"]
[SourceVersion "1"]
[SourceVersionDate "2023.10.10"]
[SourceQuality "1"]

1. e4 e5 2. Nf3 Nc6 3. Bc4 Nf6 4. d4 exd4 5. 0-0 Nxe4 6. Nc3 Nxc3 7. bxc3 Be7 8. Re1 0-0 9. cxd4 d5 10. Bd3 Bg4 11. Bf4 Re8 12. c3 Qd7 13. h3 Bh5 14. Re3 Bd6 15. Bxh7+ Kxh7 16. Ng5+ Kg6 17. Qd3+ Qf5 18. Bxd6 Qxd3 19. Rxd3 cxd6 20. h4 f6 21. Nh3 Kf7 22. Rd2 Bg6 23. Nf4 Ne7 24. Rb2 b6 25. a4 Rac8 26. a5 Rb8 27. axb6 axb6 28. Ra7 Ra8 29. Rba2 Rxa7 30. Rxa7 Kf8 31. g4 Bf7 32. Rb7 Rc8 33. Ne2 Rc6 34. f4 Be6 35. f5 Bf7 36. Kf2 g6 37. fxg6 Nxg6 38. h5 Ne7 39. Ke3 f5 40. Kf4 fxg4 41. Kxg4 Be6+ 42. Kg5 Bf5 43. Kf6 Bd3 44. Rxe7 Bxe2 45. Rxe2 Rxc3 46. Ra2 Rf3+ 47. Ke6 Rh3 48. Kxd5 Rxh5+ 49. Kxd6 Rh6+ 50. Kc7 Ke7 51. d5 Rg6 52. Re2+ Kf8 53. d6 b5 54. d7 1-0

[Event "Titled Tuesday intern op 29th Aug Late"]
[Site "Chess.com INT"]
[Date "2023.08.29"]
[Round "10"]
[White "Toniutti, Ezio"]
[Black "Crevatin, Leo"]
[Result "0-1"]
[WhiteElo "2182"]
[BlackElo "2292"]
[PlyCount "108"]
[EventDate "2023.08.29"]
[EventType "swiss (blitz)"]
[EventRounds "11"]
[EventCountry "USA"]
[SourceTitle "EXT 2024"]
[Source "ChessBase"]
[SourceDate "2023.10.10"]
[SourceVersion "1"]
[SourceVersionDate "2023.10.10"]
[SourceQuality "1"]

1. d4 Nf6 2. c4 e6 3. g3 d5 4. Bg2 Bb4+ 5. Bd2 Be7 6. Nf3 c6 7. Qc2 Nbd7 8. 0-0 Ne4 9. Bc1 b6 10. Nfd2 f5 11. f3 Nxd2 12. Nxd2 Bf6 13. e3 h5 14. b3 h4 15. Bb2 hxg3 16. hxg3 Qc7 17. Kf2 Ba6 18. cxd5 Bxf1 19. Rxf1 Nf8 20. dxc6 Rc8 21. Rc1 Ng6 22. f4 Ne7 23. Nc4 Rh2 24. Kg1 Rxg2+ 25. Qxg2 Qxc6 26. Qh2 b5 27. Nd2 Qb7 28. Qg2 Rxc1+ 29. Bxc1 Nd5 30. Nf1 Qc7 31. Qd2 Be7 32. a3 Nf6 33. Bb2 Ne4 34. Qd3 Qa5 35. b4 Qb6 36. Bc3 Qc6 37. Be1 a6 38. Nd2 Qc1 39. Kf1 Nxg3+ 40. Kf2 Ne4+ 41. Ke2 Nc3+ 42. Kf2 Bh4+ 43. Kg2 Bxe1 44. Nf3 Ne4 45. d5 Bc3 46. dxe6 Qb2+ 47. Kg1 Qf2+ 48. Kh1 Qxf3+ 49. Kg1 Qg3+ 50. Kh1 Qe1+ 51. Kg2 Qd2+ 52. Qxd2 Bxd2 53. Kf3 Bc1 54. Ke2 Bxa3 0-1

[Event "Titled Tuesday intern op 25th Jul Late"]
[Site "Chess.com INT"]
[Date "2023.07.25"]
[Round "5"]
[White "Barwinska, Ewa"]
[Black "Toniutti, Ezio"]
[Result "0-1"]
[WhiteElo "2029"]
[BlackElo "2182"]
[PlyCount "76"]
[EventDate "2023.07.25"]
[EventType "swiss (blitz)"]
[EventRounds "11"]
[EventCountry "USA"]
[SourceTitle "EXT 2024"]
[Source "ChessBase"]
[SourceDate "2023.10.10"]
[SourceVersion "1"]
[SourceVersionDate "2023.10.10"]
[SourceQuality "1"]

1. e4 e5 2. Nf3 Nc6 3. Bc4 Nf6 4. d3 Be7 5. 0-0 0-0 6. c3 d6 7. Re1 Na5 8. Bb3 Nxb3 9. Qxb3 Bg4 10. Nbd2 Qc8 11. d4 Nd7 12. h3 Bh5 13. a4 Bf6 14. Qc2 Re8 15. Qd3 Nf8 16. Nb3 Ne6 17. d5 Nf8 18. Nbd2 Nd7 19. b4 a5 20. Nf1 Qd8 21. Ng3 Bg6 22. Bd2 b6 23. Nh2 Rf8 24. Ng4 Bg5 25. Bxg5 Qxg5 26. Qc4 Rfc8 27. Qc6 Nf8 28. Rab1 h5 29. Ne3 Nh7 30. Nef5 h4 31. Nf1 Bxf5 32. exf5 Qxf5 33. Ne3 Qg5 34. bxa5 Rxa5 35. Rxb6 Rc5 36. Qd7 cxb6 37. Nf5 Qd8 38. Ne7+ Kh8 0-1

[Event "Titled Tuesday intern op 25th Jul Late"]
[Site "Chess.com INT"]
[Date "2023.07.25"]
[Round "4"]
[White "Toniutti, Ezio"]
[Black "Adewumi, Tanitoluwa"]
[Result "0-1"]
[WhiteElo "2182"]
[BlackElo "2276"]
[PlyCount "110"]
[EventDate "2023.07.25"]
[EventType "swiss (blitz)"]
[EventRounds "11"]
[EventCountry "USA"]
[SourceTitle "EXT 2024"]
[Source "ChessBase"]
[SourceDate "2023.10.10"]
[SourceVersion "1"]
[SourceVersionDate "2023.10.10"]
[SourceQuality "1"]

1. d4 Nf6 2. c4 e6 3. g3 d5 4. Bg2 Bb4+ 5. Bd2 Bd6 6. Nf3 0-0 7. 0-0 Nbd7 8. Qc2 c6 9. Rd1 Qe7 10. Bg5 h6 11. Bxf6 Nxf6 12. Nbd2 b6 13. a4 Ba6 14. a5 Bb4 15. Ne5 Rfc8 16. e4 bxa5 17. exd5 cxd5 18. c5 Be2 19. Rdc1 Rab8 20. Nb3 Bb5 21. Nxa5 Nd7 22. Nf3 e5 23. Bh3 exd4 24. Nxd4 Rxc5 25. Qd1 Rxc1 26. Qxc1 Ne5 27. Bg2 Nd3 28. Nac6 Bxc6 29. Nxc6 Nxc1 30. Nxe7+ Bxe7 31. Rxc1 Rxb2 32. Bxd5 Bf6 33. Rc7 a5 34. Rxf7 Kh8 35. Kg2 a4 36. Ra7 Rb4 37. Bc6 Rb2 38. Rxa4 Be7 39. Be4 g5 40. Ra8+ Kg7 41. Ra7 Kf6 42. Ra6+ Ke5 43. Bf3 Bc5 44. Ra5 Rxf2+ 45. Kh3 Rc2 46. Ra6 Bg1 47. Kg4 Rxh2 48. Ra5+ Kf6 49. Ra6+ Kg7 50. Ra7+ Kg6 51. Ra6+ Kf7 52. Ra7+ Ke6 53. Ra6+ Kf7 54. Be4 Be3 55. Ra7+ Bxa7 0-1

[Event "Titled Tuesday intern op 25th Jul Late"]
[Site "Chess.com INT"]
[Date "2023.07.25"]
[Round "8"]
[White "Toniutti, Ezio"]
[Black "Adireddy, Arjun"]
[Result "0-1"]
[WhiteElo "2182"]
[BlackElo "2057"]
[PlyCount "64"]
[EventDate "2023.07.25"]
[EventType "swiss (blitz)"]
[EventRounds "11"]
[EventCountry "USA"]
[SourceTitle "EXT 2024"]
[Source "ChessBase"]
[SourceDate "2023.10.10"]
[SourceVersion "1"]
[SourceVersionDate "2023.10.10"]
[SourceQuality "1"]

1. d4 d5 2. c4 e6 3. Nf3 Nf6 4. g3 dxc4 5. Bg2 c6 6. 0-0 Nbd7 7. Nbd2 b5 8. Qc2 Bb7 9. b3 cxb3 10. Nxb3 Qb6 11. Bd2 a5 12. a4 b4 13. Rac1 Be7 14. e4 0-0 15. Be3 Ng4 16. Bf4 Rac8 17. h3 Ngf6 18. Be3 c5 19. dxc5 Qa6 20. Nfd2 Ne5 21. Rfd1 Rfd8 22. Bf1 Qa8 23. f3 Nxf3+ 24. Nxf3 Bxe4 25. Qf2 Bxf3 26. Rxd8+ Rxd8 27. Bb5 Bd5 28. Nd4 Ne4 29. Qe1 Bxc5 30. Kh2 Nc3 31. Bg1 Bh1 32. Qf2 Bxd4 0-1

[Event "Titled Tuesday intern op 18th Jul Late"]
[Site "Chess.com INT"]
[Date "2023.07.18"]
[Round "8"]
[White "Baziuk, Vladyslav"]
[Black "Toniutti, Ezio"]
[Result "0-1"]
[WhiteElo "2201"]
[BlackElo "2182"]
[PlyCount "102"]
[EventDate "2023.07.18"]
[EventType "swiss (blitz)"]
[EventRounds "11"]
[EventCountry "USA"]
[SourceTitle "EXT 2024"]
[Source "ChessBase"]
[SourceDate "2023.10.10"]
[SourceVersion "1"]
[SourceVersionDate "2023.10.10"]
[SourceQuality "1"]

1. e4 e5 2. Nf3 Nc6 3. d4 exd4 4. Nxd4 Bc5 5. Nb3 Bb6 6. Qe2 d6 7. Nc3 Nf6 8. Be3 Be6 9. 0-0-0 Qe7 10. g3 0-0-0 11. Bg2 Rhe8 12. Rhe1 Kb8 13. Kb1 Bg4 14. f3 Bc8 15. Bxb6 axb6 16. h3 d5 17. Qf1 d4 18. Nd5 Qd6 19. f4 Nxd5 20. exd5 Nb4 21. Rxd4 Bf5 22. Rd2 Qg6 23. Rxe8 Rxe8 24. Qc4 Nxc2 25. Rxc2 Bxc2+ 26. Qxc2 Qxc2+ 27. Kxc2 Re2+ 28. Nd2 Rxg2 29. g4 Rg3 30. Ne4 Rxh3 31. Ng5 Rh2+ 32. Kc3 Rg2 33. Nxf7 Rxg4 34. f5 Rf4 35. d6 cxd6 36. Nxd6 h5 37. Kd3 h4 38. Ke3 Rf1 39. Ne4 h3 40. Ng3 Rg1 41. Kf2 Rg2+ 42. Kf3 Rxb2 43. Nf1 Rxa2 44. Kg3 Ra3+ 45. Kh2 Rf3 46. Ng3 Rxg3 47. Kxg3 Kc7 48. Kxh3 Kd6 49. Kg4 Ke7 50. Kg5 Kf7 51. Kf4 Kf6 0-1